Представление документа в формате RUSMARC

ПолеНазваниеЗначение
  Тип записи a
  Библиографический уровень m
001 Контрольный номер 1d9c4091f7bc48faababc0935c79837e
005 Дата корректировки 20191011110939.5
010 Индекс ISBN __
a ISBN 978-985-15-0974-0
101 Язык документа 0_
a Язык текста rus
102 Страна публикации __
a Страна публикации RU
200 Заглавие и сведения об ответственности 1_
a Заглавие Инвестиции в недвижимость
b Общее обозначение материала Текст
f Первые сведения об ответственности Р. Кийосаки
g Последующие сведения об ответственности пер. с англ. С.Э. Борич
210 Выходные данные 1_
a Место издания Мн.
c Издательство Поппури
d Дата издания 2010
215 Физическое описание __
a Объем 496 с.
c Иллюстрации/тип воспроизводства ил.
610 Ключевые слова 0_
a Ключевые слова инвестиции
a Ключевые слова инвестиции в недвижимость
a Ключевые слова недвижимость
686 Индексы других классификаций __
a Классификационный индекс 65.263
700 Автор _1
a Фамилия Кийосаки
b Имя Р.
g Полное личное имя Роберт
801 Источник записи _0
a Страна RU
b Организация РУК
c Дата составления 20191011
g Правила каталогизации PSBO
801 Источник записи _1
a Страна RU
b Организация РУК
c Дата составления 20191011
g Правила каталогизации PSBO
852 Данные о местонахождении __
i Авторский знак К 388
j Шифр хранения ББК 65.263
901 Тип документа __
t Тип документа m
937 Технологическая информация __
a Создатель записи (имя) Зоткина
938 Служебная информация __
a Название организации Владимирский филиал